| 000 | 00986nam a22002657a 4500 | ||
|---|---|---|---|
| 999 |
_c64045 _d64045 |
||
| 005 | 20240530110712.0 | ||
| 008 | 180206s2015 ua g bd 000 0 ara d | ||
| 017 |
_a2014/14716 _bمصر. دار الكتب |
||
| 020 | _a9789774991455 | ||
| 040 |
_aEG-CaGPL _cEG-CaGPL |
||
| 082 | 0 | 4 |
_221 _a214 / _bت ن |
| 100 | 1 | _aتهامى العبدولى | |
| 245 | 1 | 2 |
_aالنبى ابراهيم فى الثقافة العربية الاسلامية / _cتهامى العبدولى |
| 250 | _aط. 1 | ||
| 260 |
_aالقاهرة : _bرؤية للنشر و التوزيع، _c2015. |
||
| 300 |
_a631 ص. ؛ _c24 سم. |
||
| 504 | _aيشتمل على ارجاعات ببليوجرافية | ||
| 650 | 0 | 7 |
_2qrmak _aالثقافة الاسلامية |
| 650 | 0 | 7 |
_2qrmak _aالانبياء |
| 650 | 0 | 7 |
_2qrmak _aالانبياء _xابراهيم علية السلام |
| 650 | 0 | 7 |
_2qrmak _aالنبوات |
| 651 | _2qrmak | ||
| 942 |
_2ddc _cBK |
||